000 00271nam a22001217a 4500
008 170216b xxu||||| |||| 00| 0 eng d
041 _aeng
080 _a61
100 _a4
101 _ashm
245 _aATTORNEYS MEDICAL DESKBOOK 3D
_cTENNENHOUSE, D.J
942 _2udc
_cBK
999 _c5610
_d5610